Fr. Conceicao Rodrigues College of Engineering

Make:Getting started with sensors (Record no. 20582)

MARC details
000 -LEADER
fixed length control field 00331nam a2200169Ia 4500
082 ## - DEWEY DECIMAL CLASSIFICATION NUMBER
Item number KAR
100 ## - MAIN ENTRY--PERSONAL NAME
Personal name Karvinen/Kimmo
245 ## - TITLE STATEMENT
Title Make:Getting started with sensors
260 ## - PUBLICATION, DISTRIBUTION, ETC.
Name of publisher, distributor, etc. SPD
Date of publication, distribution, etc. 2014
366 ## - TRADE AVAILABILITY INFORMATION
Publishers's discount category 20
300 ## - PHYSICAL DESCRIPTION
Extent 125
546 ## - LANGUAGE NOTE
Language note ENGLISH
650 ## - SUBJECT ADDED ENTRY--TOPICAL TERM
Topical term or geographic name entry element sensors
654 ## - SUBJECT ADDED ENTRY--FACETED TOPICAL TERMS
Focus term sensors
942 ## - ADDED ENTRY ELEMENTS (KOHA)
Koha item type BOOK
Holdings
Withdrawn status Lost status Damaged status Not for loan Collection Home library Current library Date acquired Source of acquisition Cost, normal purchase price Inventory number Total Checkouts Full call number Barcode Date last seen Date last checked out Cost, replacement price Price effective from Koha item type
        CRC Fr. Agnel's C.Rodrigues College of Engineering AGNEL TECHNICAL COLLEGE LIBRARY 17/03/2023 Shroff Publishers 220.00 4112 dt 20.01.2018 1 KAR 25087 18/07/2025 08/07/2025 275.00   BOOK